| 000 | 01225nam a2200253Ia 4500 | ||
|---|---|---|---|
| 999 |
_c56079 _d56079 |
||
| 001 | 23179 | ||
| 003 | GE_BSU | ||
| 005 | 20230719171002.0 | ||
| 008 | 181216s1956||||ge |||||||||||||| ||geo|| | ||
| 040 | _cGE_BSU | ||
| 041 | _ageo | ||
| 080 | _a821.112.2-144 შ-63 | ||
| 100 |
_aშილერი, ფ. _919450 |
||
| 245 |
_aბალადები, ლირიკა / _cფ. შილერი ; თარგმ. ხარიტონ ვარდოშვილისა ; შესავალი წერილი ოთარი ჯინორიასი ; რედ. ვ. ბეწერელია ; მხატვ. თ. ასიტაშვილი. |
||
| 264 |
_aთბილისი : _bსაბჭ. მწერალი, _c1956. |
||
| 300 |
_a160 გვ. : _b1ფ. პორტრ. ; _c 21 სმ. |
||
| 541 | _h1ლ. 34თ. | ||
| 653 | _aბალადები | ||
| 653 | _a ლირიკა | ||
| 700 |
_aვარდოშვილი, ხარიტონ _eმთარგმნელი _919451 |
||
| 700 |
_aბეწერელია, ვ. _eრედაქტორი _919452 |
||
| 700 |
_aასიტაშვილი, თ. _eმხატვარი _93722 |
||
| 942 |
_cBK _2udc |
||